00925 2200325 4500001002100000005001500021035002000036007000300056040001600059245009700075300003500172504002700207041000800234082000800242084001400250090002200264264003300286336002100319337003000340338002300370650001400393850001000407008004100417020002200458100003200480250001200512700004300524990001600567990001600583INLIS00000000000771820260601082820 a0010-0922000207ta aSBUPADbInd1 aSeribu Satu Cara Menghasilkan Pupuk Organik /cNurheti Yuliarti, Editor, FI. Sigit Suyantoro aviii, 70 hlm :billus ;c21 cm aBibliografi, hlm 69-7017aInd a631 a631 NUR s a631.3 LAR k L18-7 a.--Yogyakarta :bANDI,c2009 2rdacontentateks 2rdamediaatanpa perantara 2rdacarrieravolume 4aPertanian aPUPAD260601 0  a978-979-29-0914-20 aNurheti YuliartiePengarang a.-Cet.10 aEditor, FI. Sigit SuyantoroePengarang a14520/Br-14 a14517/Br-14